MARC

LEADER 00000nam0a2200000 4500
001 278704
005 20231101235135.0
035 |a (RuTPU)RU\TPU\book\301982 
090 |a 278704 
100 |a 20141213d1986 km y0rusy50 ca 
101 0 |a rus 
102 |a BY 
105 |a y z 000zy 
200 1 |a Производительность труда и эффективность производства  |f В. С. Маврищев 
210 |a Минск  |c Беларусь  |d 1986 
215 |a 80 с. 
225 1 |a Производительность труда - самое важное, самое главное 
606 1 |a Производительность труда в промышленности  |x Прогнозирование  |2 stltpush  |3 (RuTPU)RU\TPU\subj\51948  |9 70447 
606 1 |a Экономическая эффективность промышленного производства  |x Оценка  |2 stltpush  |3 (RuTPU)RU\TPU\subj\26593  |9 50484 
610 1 |a промышленные предприятия 
610 1 |a трудовая деятельность 
610 1 |a экономический рост 
610 1 |a хозяйственный механизм 
610 1 |a экономические резервы 
610 1 |a Белоруссия 
610 1 |a техническое перевооружение 
610 1 |a реконструкция 
675 |a 658.310.16  |v 3 
675 |a 658.011.46  |v 3 
700 1 |a Маврищев  |b В. С.  |g Виктор Семенович 
801 1 |a RU  |b 63413507  |c 20141213 
801 2 |a RU  |b 63413507  |c 20170412  |g RCR 
942 |c BK